000 00637nam a2200169Ia 4500
005 20250508153337.0
008 008 250505s9999 xx 000 0 eng d
037 _aBooks to be hide in OPAC
040 _aFEDL
_beng
_cFEDL
041 _aeng
_2eng
084 _a371.911, GRE/O
_qFEDL
245 0 _aBoard of education: List of certified special schools, recognised institutions for the training of blind and other defective students and nursery schools in England and Wales
260 _aLondon, UK
_bHis Majesty's Stationery Office
_c1937
300 _a54p
942 _cHB
_h371.911, GRE/O
999 _c1342161
_d1342161